"Мои добрые кони - стихи" (Запись № 11813296)

Подробности
000 -МАРКЕР
контрольное поле 03021nam0a2200409 4500
001 - ИДЕНТИФИКАТОР ЗАПИСИ
контрольное поле RU\NLR\BIBL_A\011463135
005 - ИДЕНТИФИКАТОР ВЕРСИИ
контрольное поле 20260408082102.0
010 ## - МЕЖДУНАРОДНЫЙ СТАНДАРТНЫЙ НОМЕР КНИГИ (ISBN)
Номер (ISBN) 9785902198321
Тираж 300
021 ## - НОМЕР ГОСУДАРСТВЕННОЙ РЕГИСТРАЦИИ
Код страны Российская Федерация
Номер 2017-56660
Номер Листа государственной регистраци 4030
035 ## - ДРУГИЕ СИСТЕМНЫЕ НОМЕРА
Идентификатор записи (RuMoRGB)008949977
035 ## - ДРУГИЕ СИСТЕМНЫЕ НОМЕРА
Идентификатор записи (NLR Aleph) 011463135
100 ## - ДАННЫЕ ОБЩЕЙ ОБРАБОТКИ
Данные общей обработки 20170828d2017 k y0rusy50 ca
101 0# - ЯЗЫК РЕСУРСА
Язык текста, звукозаписи и т.д. русский
-- якутский
102 ## - СТРАНА ПУБЛИКАЦИИ ИЛИ ПРОИЗВОДСТВА
Страна публикации Российская Федерация
105 ## - ПОЛЕ КОДИРОВАННЫХ ДАННЫХ: ТЕКСТОВЫЕ МАТЕРИАЛЫ, МОНОГРАФИЧЕСКИЕ
Кодированные данные о монографическом текстовом документе c z 000zy
200 1# - ЗАГЛАВИЕ И СВЕДЕНИЯ ОБ ОТВЕТСТВЕННОСТИ
Основное заглавие "Мои добрые кони - стихи"
Сведения, относящиеся к заглавию лирика Семена Данилова: поэтическая картина мира
-- монография
Первые сведения об ответственности [Романова Л. Н. - кандидат филологических наук, Сивцева-Максимова П. В. - доктор филологических наук, профессор, Посельская В. Д. - кандидат филологических наук, Ефремова Е. М. - кандидат филологических наук
Последующие сведения об ответственности ответственный редактор - кандидат филологических наук Л.Н. Романова]
-- Федеральное агентство научных организаций, Федеральное государственное бюджетное учреждение науки Институт гуманитарных исследований и проблем малочисленных народов Севера Сибирского отделения Российской академия наук
210 ## - ПУБЛИКАЦИЯ, РАСПРОСТРАНЕНИЕ И ДР.
Место издания, распространения и т.д. Якутск
Имя издателя, распространителя и т. д. ИГИиПМНС СО РАН
Дата издания, распространения и т.д. 2017
215 ## - ФИЗИЧЕСКАЯ ХАРАКТЕРИСТИКА
Специфическое обозначение материала и объем 127, [1] с., [1] л. портр.
Размеры 21
300 ## - ОБЩИЕ ПРИМЕЧАНИЯ
Текст примечания Авт. указаны на 127-й с.
300 ## - ОБЩИЕ ПРИМЕЧАНИЯ
Текст примечания Часть текста на якут. яз.
320 ## - ПРИМЕЧАНИЯ О НАЛИЧИИ В ДОКУМЕНТЕ БИБЛИОГРАФИИ / УКАЗАТЕЛЯ
Текст примечания Библиогр. в конце ст.
604 11 - ИМЯ И ЗАГЛАВИЕ КАК ПРЕДМЕТ
Связываемые данные 200#1$aДанилов$bС.П.$gСемен Петрович$f1917 - 1978
-- 2351#$aЛирика
Имя лица Данилов, Семен Петрович (1917 - 1978)
Заглавие Лирика
Идентификатор авторитетной/нормативной записи RU\NLR\AUTH\6601631265
Системный номер авторитетной/нормативной записи 2358959
686 ## - ИНДЕКСЫ ДРУГИХ КЛАССИФИКАЦИЙ
Индекс Ш5(2=Я)7-4Данилов С.П.535,0
Код системы
686 1# - ИНДЕКСЫ ДРУГИХ КЛАССИФИКАЦИЙ
Индекс Ш5(2=Я)7-4Данилов
701 #1 - ИМЯ ЛИЦА - АЛЬТЕРНАТИВНАЯ ОТВЕТСТВЕННОСТЬ
Код отношения Автор
-- Редактор
Начальный элемент ввода Романова
Часть имени, кроме начального элемента ввода Л. Н.
Дополнения к именам, кроме дат канд. филол. наук
Расширение инициалов личного имени Лидия Николаевна
Системный номер авторитетной/нормативной записи 138508
Идентификатор авторитетной/нормативной записи RU\NLR\AUTH\770138543
701 #1 - ИМЯ ЛИЦА - АЛЬТЕРНАТИВНАЯ ОТВЕТСТВЕННОСТЬ
Графика поля Кириллица
Материалы, к которым относится поле rus
Начальный элемент ввода Сивцева-Максимова
Часть имени, кроме начального элемента ввода П. В.
Даты 1950-
Расширение инициалов личного имени Прасковья Васильевна
Идентификатор авторитетной/нормативной записи RU\NLR\AUTH\7790646
Системный номер авторитетной/нормативной записи 73573
701 #1 - ИМЯ ЛИЦА - АЛЬТЕРНАТИВНАЯ ОТВЕТСТВЕННОСТЬ
Начальный элемент ввода Посельская
Часть имени, кроме начального элемента ввода В. Д.
701 #1 - ИМЯ ЛИЦА - АЛЬТЕРНАТИВНАЯ ОТВЕТСТВЕННОСТЬ
Начальный элемент ввода Ефремова
Часть имени, кроме начального элемента ввода Е. М.
Расширение инициалов личного имени Екатерина Михайловна
702 #1 - ИМЯ ЛИЦА - ВТОРИЧНАЯ ОТВЕТСТВЕННОСТЬ
Код отношения Прочие
Материалы, к которым относится поле rus
Графика поля Кириллица
Начальный элемент ввода Данилов
Часть имени, кроме начального элемента ввода С. П.
Дополнения к именам, кроме дат поэт
Даты 1917-1978
Расширение инициалов личного имени Семен Петрович
Идентификатор авторитетной/нормативной записи RU\NLR\AUTH\7750530
Системный номер авторитетной/нормативной записи 33464
712 02 - НАИМЕНОВАНИЕ ОРГАНИЗАЦИИ - ВТОРИЧНАЯ ОТВЕТСТВЕННОСТЬ
Начальный элемент ввода Институт гуманитарных исследований и проблем малочисленных народов Севера
Идентифицирующий признак Якутск
Идентификатор авторитетной/нормативной записи RU\NLR\AUTH\8810136103
Системный номер авторитетной/нормативной записи 768035
942 ## - ДОПОЛНИТЕЛЬНЫЕ ЭЛЕМЕНТЫ ЗАПИСИ (АБИС)
Тип экземпляра АБИС Книга
980 ## - КОЛЛЕКЦИЯ
Название коллекции НБР

Нет доступных экземпляров.